[Event "NOR-ch Class3"]
[Site "Lillehammer"]
[Date "2013.06.29"]
[Round "3"]
[White "Fossan, Andreas"]
[Black "Lorem, Geir F"]
[Result "1/2-1/2"]
[WhiteElo "1289"]
[BlackElo "1425"]
[PlyCount "58"]
[EventDate "2013.06.29"]
[EventType "swiss"]
[EventRounds "9"]
[EventCountry "NOR"]
[SourceTitle "EXT 2017"]
[Source "ChessBase"]
[SourceDate "2016.10.25"]
[SourceVersion "1"]
[SourceVersionDate "2016.10.25"]
[SourceQuality "1"]

1. d4 d5 2. c4 c6 3. Nf3 Nf6 4. Nc3 a6 5. e3 Bf5 6. b3 e6 7. Bd2 c5 8. Be2 Nc6 9. cxd5 exd5 10. 0-0 Bd6 11. dxc5 Bxc5 12. Na4 Ba7 13. Rc1 d4 14. exd4 Nxd4 15. Re1 0-0 16. Bg5 Nxe2+ 17. Qxe2 h6 18. Qe5 Be6 19. Bxf6 Qxf6 20. Qxf6 gxf6 21. Rc7 Rfc8 22. Rec1 Rxc7 23. Rxc7 Rc8 24. Rxc8+ Bxc8 25. Kf1 Kf8 26. Nc3 Bf5 27. Nd5 Bd3+ 28. Ke1 Kg7 29. Nf4 Bb5 1/2-1/2

[Event "NOR-ch Class3"]
[Site "Lillehammer"]
[Date "2013.06.29"]
[Round "6"]
[White "Lorem, Geir F"]
[Black "Gaarder, Hans K"]
[Result "1-0"]
[WhiteElo "1425"]
[BlackElo "1404"]
[PlyCount "87"]
[EventDate "2013.06.29"]
[EventType "swiss"]
[EventRounds "9"]
[EventCountry "NOR"]
[SourceTitle "EXT 2017"]
[Source "ChessBase"]
[SourceDate "2016.10.25"]
[SourceVersion "1"]
[SourceVersionDate "2016.10.25"]
[SourceQuality "1"]

1. d4 e6 2. c4 Nf6 3. g3 d5 4. Nf3 c6 5. Bg2 dxc4 6. Ne5 Be7 7. 0-0 0-0 8. Nxc4 Nbd7 9. Nc3 Nb6 10. Ne5 Nbd5 11. e4 Nxc3 12. bxc3 Qa5 13. Qc2 Nd7 14. Nc4 Qb5 15. Ne3 Qa5 16. Rd1 b5 17. Bd2 Bb7 18. c4 Qb6 19. c5 Qc7 20. a4 a6 21. Rdb1 Rfd8 22. Qb2 Nf6 23. Nc4 bxc4 24. Qxb7 Qxb7 25. Rxb7 Bxc5 26. dxc5 Rxd2 27. Rc1 Rd4 28. Rb6 Nxe4 29. Rxc6 Kf8 30. Rb6 Ra7 31. c6 Nd6 32. Rb7 Ra8 33. Rb6 Ra7 34. Rb8+ Ke7 35. Rb7+ Nxb7 36. cxb7 Rd8 37. Rxc4 Rb8 38. Rc7+ Kd6 39. Rxf7 Kc5 40. Rxg7 Kb6 41. Rxh7 Raxb7 42. Rxb7+ Rxb7 43. Bxb7 Kxb7 44. h4 1-0

[Event "Alta CC 40 years"]
[Site "Alta"]
[Date "2013.03.17"]
[Round "7"]
[White "Lorem, Geir F"]
[Black "Kazak, Natalia"]
[Result "0-1"]
[WhiteElo "1843"]
[BlackElo "1628"]
[PlyCount "50"]
[EventDate "2013.03.15"]
[EventType "swiss"]
[EventCountry "NOR"]
[SourceTitle "EXT 2024"]
[Source "ChessBase"]
[SourceDate "2023.10.10"]
[SourceVersion "1"]
[SourceVersionDate "2023.10.10"]
[SourceQuality "1"]

1. d4 Nf6 2. c4 g6 3. Nc3 Bg7 4. e4 d6 5. f3 0-0 6. Bg5 h6 7. Be3 Nc6 8. Nge2 e5 9. d5 Ne7 10. Qd2 Kh7 11. Ng3 Nd7 12. Bd3 b6 13. 0-0 Nc5 14. Bc2 f5 15. f4 exf4 16. Bxf4 fxe4 17. Ngxe4 Nxe4 18. Nxe4 Nf5 19. Nc3 Bd7 20. Kh1 Qh4 21. Ne2 Rae8 22. Bxf5 Bxf5 23. Ng3 Bd7 24. Ne2 Bg4 25. Rae1 Bxe2 0-1

[Event "Alta CC 40 years"]
[Site "Alta"]
[Date "2013.03.17"]
[Round "6"]
[White "Mikalsen, Odd Erling"]
[Black "Lorem, Geir F"]
[Result "1-0"]
[WhiteElo "1960"]
[BlackElo "1843"]
[PlyCount "41"]
[EventDate "2013.03.15"]
[EventType "swiss"]
[EventCountry "NOR"]
[SourceTitle "EXT 2024"]
[Source "ChessBase"]
[SourceDate "2023.10.10"]
[SourceVersion "1"]
[SourceVersionDate "2023.10.10"]
[SourceQuality "1"]

1. d4 d5 2. c4 c6 3. Nc3 Nf6 4. Nf3 a6 5. a4 e6 6. a5 dxc4 7. e4 Be7 8. Bxc4 0-0 9. 0-0 Nbd7 10. Bd3 c5 11. e5 Nd5 12. Be4 cxd4 13. Qxd4 Nxc3 14. Qxc3 Nc5 15. Bc2 Qd5 16. Rd1 Qc6 17. Be3 Nd7 18. Qd3 g6 19. Ba4 Qc7 20. Bxd7 Rd8 21. Bb6 1-0

[Event "Tromsoe GP"]
[Site "Tromsoe"]
[Date "2012.03.23"]
[Round "2"]
[White "Lorem, Geir F"]
[Black "Remman, Stein Borre"]
[Result "1-0"]
[WhiteElo "1276"]
[BlackElo "1084"]
[PlyCount "55"]
[EventDate "2012.03.23"]
[EventType "swiss"]
[EventRounds "5"]
[EventCountry "NOR"]
[SourceTitle "EXT 2024"]
[Source "ChessBase"]
[SourceDate "2023.10.10"]
[SourceVersion "1"]
[SourceVersionDate "2023.10.10"]
[SourceQuality "1"]

1. d4 Nf6 2. Nf3 d5 3. c4 c6 4. e3 e6 5. b3 Nbd7 6. Bb2 Be7 7. Bd3 0-0 8. 0-0 Qc7 9. Qc2 Ne4 10. Bxe4 dxe4 11. Qxe4 f5 12. Qd3 Nf6 13. Nc3 b6 14. Rac1 Bb7 15. h3 a6 16. Rfe1 Rad8 17. Qe2 Bd6 18. e4 fxe4 19. Nxe4 Nxe4 20. Qxe4 Rf6 21. Ng5 g6 22. Nxe6 Qf7 23. Nxd8 Bh2+ 24. Kxh2 Qc7+ 25. Qe5 Qxd8 26. Qe8+ Qxe8 27. Rxe8+ Kf7 28. Re2 1-0

[Event "Tromsoe CC-ch"]
[Site "Tromsoe"]
[Date "2010.??.??"]
[Round "4"]
[White "Remman, Stein Borre"]
[Black "Lorem, Geir F"]
[Result "0-1"]
[WhiteElo "1087"]
[BlackElo "1236"]
[PlyCount "52"]
[EventDate "2010.09.09"]
[EventType "swiss"]
[EventRounds "9"]
[EventCountry "NOR"]
[SourceTitle "EXT 2024"]
[Source "ChessBase"]
[SourceDate "2023.10.10"]
[SourceVersion "1"]
[SourceVersionDate "2023.10.10"]
[SourceQuality "1"]

1. d4 Nf6 2. c4 g6 3. Nf3 Bg7 4. g3 0-0 5. Bg2 d5 6. b3 dxc4 7. bxc4 c5 8. Bb2 Qa5+ 9. Bc3 Qb6 10. Nbd2 e6 11. Rb1 Qc7 12. dxc5 Nc6 13. 0-0 Rb8 14. Qc2 Re8 15. Rfe1 Qe7 16. Nb3 e5 17. e4 Nd7 18. Bh3 Nxc5 19. Bxc8 Rexc8 20. Nxc5 Qxc5 21. Rb5 Qxc4 22. Reb1 Nd4 23. Nxd4 exd4 24. Rxb7 Rxb7 25. Rxb7 Qxc3 26. Qa4 Qe1+ 0-1